000 00369nam a2200145Ia 4500
008 230917s9999||||xx |||||||||||||| ||und||
040 _e108345
_aMAIN
041 _aEnglish
082 _a658.1 C669H
100 _aCoker, Darlene M
245 0 _aHigh performance sales organizations
260 _aNew Delhi
_bTata McGraw-Hill
_c2003
300 _a223 p.
942 _cBK
999 _c120118
_d120118